Poverty in Kenya (Record no. 189)

MARC details
000 -LEADER
fixed length control field 00537nam a22001697a 4500
008 - FIXED-LENGTH DATA ELEMENTS--GENERAL INFORMATION
fixed length control field 230602b xxu||||| |||| 00| 0 eng d
082 ## - DEWEY DECIMAL CLASSIFICATION NUMBER
Classification number 305.569
Item number MFP
100 ## - MAIN ENTRY--PERSONAL NAME
Dates associated with a name June 2000
245 ## - TITLE STATEMENT
Title Poverty in Kenya
Remainder of title Incidence and Depth of Poverty
Statement of responsibility, etc. Central Bureau of Statistics
250 ## - EDITION STATEMENT
Edition statement Second Report
260 ## - PUBLICATION, DISTRIBUTION, ETC. (IMPRINT)
Place of publication, distribution, etc. Kenya
Name of publisher, distributor, etc. Central Bureau of Statistics
Date of publication, distribution, etc. June 2000
300 ## - PHYSICAL DESCRIPTION
Extent 48 p
500 ## - GENERAL NOTE
General note Tables of Statistics
610 ## - SUBJECT ADDED ENTRY--CORPORATE NAME
Source of heading or term Central Bureau of Statistics
610 ## - SUBJECT ADDED ENTRY--CORPORATE NAME
Source of heading or term Human Resource and |Social Service Departments
942 ## - ADDED ENTRY ELEMENTS (KOHA)
Source of classification or shelving scheme Dewey Decimal Classification
Koha item type Books
Holdings
Withdrawn status Lost status Source of classification or shelving scheme Damaged status Not for loan Home library Current library Date acquired Total Checkouts Full call number Barcode Date last seen Price effective from Koha item type
    Dewey Decimal Classification     Bunge Tower Library Bunge Tower Library 06/02/2023   305.569 MFP 10015702 06/02/2023 06/02/2023 Books
LIBRARY OPENING HOURS

When the Parliament is sitting: 8.00a.m - 7.00p.m or until the house adjourns
Mondays and Fridays and when the House is on Recess:  8.00a.m - 5.00p.m
Closed on Weekends and Public Holidays

Online Public Access Catalog (OPAC)
Website: http://www.parliament.go.ke
Bunge Library: https://libraryir.parliament.go.ke
Contact: library@parliament.go.ke | Tel no: (254-2)2221291 or 2848000 Ext 5043